[Event "AUTO-ADV-375"]
[Site "http://www.queenalice.com/game.php?id=157345"]
[Date "2007.1.22"]
[Round "1"]
[White "coquin"]
[Black "Tenna"]
[Result "0-1"]
[WhiteElo "1743"]
[BlackElo "1749"]

1. e4 d6 2. Nf3 Nf6 3. Nc3 g6 4. Bc4 Bg7 5. O-O O-O 6. d4 Nbd7 7. Bg5 Re8 8. h4
e5 9. dxe5 Nxe5 10. Nxe5 Rxe5 11. f4 Re8 12. Re1 h6 13. Bxf6 Bxf6 14. h5 Bxc3
15. bxc3 Kg7 16. hxg6 fxg6 17. Qd5 Be6 18. Qd4+ Qf6 19. Qxf6+ Kxf6 20. Bb3 Re7
21. Kf2 Rae8 22. Kf3 Bf5 23. e5+ dxe5 24. Rh1 exf4 25. Bc4 Re3+ 26. Kf2 Rxc3 27.
Bb3 Bxc2 28. Bd5 c6 29. Bf3 Be4 30. Rae1 Re3 31. Rxe3 fxe3+ 32. Kxe3 Bxf3+ 33.
Kxf3 Kg5 34. Rd1 Re7 35. Rd8 h5 36. Ra8 a6 37. Rd8 Rf7+ 38. Kg3 h4+ 39. Kh3 Rf4
40. Rd7 Rb4 0-1

[Event "AUTO-ADV-375"]
[Site "http://www.queenalice.com/game.php?id=157358"]
[Date "2007.1.22"]
[Round "1"]
[White "acbrasileiro"]
[Black "coquin"]
[Result "1-0"]
[WhiteElo "1820"]
[BlackElo "1772"]

1. Nf3 Nf6 2. b3 d6 3. Bb2 g6 4. e3 Bg7 5. d4 O-O 6. Bd3 Re8 7. O-O Bg4 8. h3
Bxf3 9. Qxf3 Nbd7 10. Qxb7 e5 11. dxe5 Nxe5 12. Qa6 Nxd3 13. cxd3 Qd7 14. Nd2
Nd5 15. Bxg7 Kxg7 16. Qc4 Nf6 17. Rac1 c5 18. Rfd1 Qf5 19. Nf3 Rac8 20. Qa6 Nd7
21. Qxd6 a5 22. d4 Red8 23. dxc5 Nf6 24. Nd4 Qg5 25. Ne6+ fxe6 26. Qe7+ Kh6 27.
Rxd8 Rxd8 28. Qxd8 Qf5 29. Qf8+ Kg5 30. f4+ Kh4 31. Qh6+ Qh5 32. Qxh5+ Kxh5 33.
c6 Nd5 34. c7 Nxc7 35. Rxc7 1-0

[Event "AUTO-ADV-375"]
[Site "http://www.queenalice.com/game.php?id=157359"]
[Date "2007.1.22"]
[Round "1"]
[White "coquin"]
[Black "acbrasileiro"]
[Result "0-1"]
[WhiteElo "1739"]
[BlackElo "1848"]

1. e4 c5 2. Nf3 d6 3. d4 cxd4 4. Nxd4 Nf6 5. Nc3 a6 6. Be2 e6 7. O-O Be7 8. Bd3
Nc6 9. Nxc6 bxc6 10. h3 Bb7 11. a3 Nd7 12. Qg4 Bf6 13. Bd2 Ne5 14. Qg3 O-O 15.
f4 Nxd3 16. cxd3 Qb6+ 17. Kh1 Qd8 18. b4 Bh4 19. Qg4 f5 20. Qh5 g6 21. Qh6 Bf6
22. Rad1 Bg7 23. Qg5 Qxg5 24. fxg5 f4 25. Na4 e5 26. Nb6 Rad8 27. Kh2 Rf7 28. h4
Bc8 29. Nxc8 Rxc8 30. Rc1 Rfc7 31. g3 fxg3+ 32. Kxg3 Rf7 33. Kg4 Rd7 34. a4 d5
35. exd5 Rxd5 36. Rc5 Rxc5 37. bxc5 Rd8 38. Rb1 Rd4+ 39. Kf3 e4+ 40. Ke3 Rxd3+
41. Ke2 Bc3 42. Bf4 Ba5 43. Rb8+ Kf7 44. Rb7+ Kg8 45. Ra7 Bb4 46. Rxa6 Bxc5 47.
Rxc6 Rf3 48. Bd6 Re3+ 49. Kf1 Bxd6 50. Rxd6 Rh3 51. a5 Rxh4 52. a6 Rf4+ 53. Ke2
Rf7 54. Ke3 Re7 55. Rb6 Ra7 0-1

[Event "AUTO-ADV-375"]
[Site "http://www.queenalice.com/game.php?id=157368"]
[Date "2007.1.22"]
[Round "1"]
[White "coquin"]
[Black "Chamnix"]
[Result "0-1"]
[WhiteElo "1727"]
[BlackElo "2034"]

1. e4 c5 2. Nf3 d6 3. d4 cxd4 4. Nxd4 Nf6 5. Nc3 a6 6. Bc4 e6 7. O-O Be7 8. b4
b5 9. Bb3 O-O 10. Bb2 Qd7 11. a4 bxa4 12. Bxa4 Qc7 13. b5 Nbd7 14. bxa6 Bxa6 15.
Re1 Nc5 16. Nc6 Nxa4 17. Nxe7+ Qxe7 18. Rxa4 Bb7 19. Rxa8 Rxa8 20. Qd4 Qd7 21.
e5 Qc6 22. f3 dxe5 23. Qxe5 Qb6+ 24. Kh1 Qxb2 25. Qc7 Rc8 26. Rd1 Nd5 27. Na4
Rxc7 28. Nxb2 Rxc2 29. Nd3 f6 30. h3 Rxg2 31. Rb1 Rd2 32. Nc5 Bc6 33. Nxe6 Ne3
34. Rb8+ Kf7 35. Nd8+ Rxd8 0-1

[Event "AUTO-ADV-375"]
[Site "http://www.queenalice.com/game.php?id=157369"]
[Date "2007.1.22"]
[Round "1"]
[White "Chamnix"]
[Black "coquin"]
[Result "1-0"]
[WhiteElo "2054"]
[BlackElo "1758"]

1. e4 e5 2. Nf3 Nc6 3. d4 exd4 4. Bc4 d6 5. Nxd4 Nxd4 6. Qxd4 Be6 7. O-O Nf6 8.
Nc3 c5 9. Qd3 Be7 10. Bf4 O-O 11. Rad1 Qb6 12. b3 a6 13. Nd5 Nxd5 14. Bxd5 Bxd5
15. Qxd5 Rfd8 16. Rd2 h6 17. Rfd1 a5 18. Qc4 Qb4 19. Qe2 Qa3 20. Qb5 Qb4 21. Qc4
Qxc4 22. bxc4 Ra6 23. e5 Kh7 24. exd6 Bxd6 25. Bxd6 Rb6 26. Kf1 Rc6 27. Bf4 Rxd2
28. Rxd2 a4 29. Rd7 Rf6 30. Be3 b6 31. Ra7 Rd6 32. Rxf7 Rd1+ 33. Ke2 Ra1 34. Kd3
Rxa2 35. Rb7 a3 36. Rxb6 Ra1 37. Ra6 a2 38. Kc3 Rg1 39. Rxa2 Rxg2 40. Bxc5 Rxh2
41. Ra7 h5 42. Bd4 Rg2 43. c5 Rg6 44. Rxg7+ Rxg7 45. Bxg7 1-0

[Event "AUTO-OPEN-526"]
[Site "http://www.queenalice.com/game.php?id=157436"]
[Date "2007.1.22"]
[Round "1"]
[White "BobGomes"]
[Black "coquin"]
[Result "1-0"]
[WhiteElo "1901"]
[BlackElo "1750"]

1. d4 g6 2. c4 Bg7 3. Nc3 d6 4. e4 Nf6 5. Bd3 O-O 6. Nf3 Bg4 7. h3 Bxf3 8. Qxf3
Nbd7 9. O-O c6 10. Re1 a6 11. Rb1 e5 12. d5 cxd5 13. exd5 Nc5 14. Bc2 Re8 15. b4
Ncd7 16. Bg5 h6 17. Bh4 g5 18. Bg3 b6 19. Ne4 Nxe4 20. Bxe4 Nf6 21. Bf5 Qc7 22.
Rbc1 a5 23. b5 a4 24. a3 Re7 25. h4 Rae8 26. Qd1 Qa7 27. Qd2 Qc7 28. hxg5 hxg5
29. Qxg5 e4 30. Qf4 Qc5 31. Qxd6 Qd4 32. Red1 Qc5 33. Qxc5 bxc5 34. Bd6 Bh6 35.
Bxe7 Bxc1 36. Bxf6 Bxa3 37. d6 1-0

[Event "AUTO-OPEN-526"]
[Site "http://www.queenalice.com/game.php?id=157437"]
[Date "2007.1.22"]
[Round "1"]
[White "coquin"]
[Black "BobGomes"]
[Result "0-1"]
[WhiteElo "1740"]
[BlackElo "1911"]

1. e4 e5 2. Nf3 Nf6 3. Nc3 Nc6 4. Bb5 d6 5. h3 Bd7 6. O-O Be7 7. d4 exd4 8. Bxc6
Bxc6 9. Qxd4 O-O 10. Bg5 Nh5 11. Bxe7 Qxe7 12. Nd5 Qd8 13. a4 b6 14. c4 Bxd5 15.
exd5 Qf6 16. Qxf6 Nxf6 17. Rfe1 Rfe8 18. b4 Kf8 19. g4 Nd7 20. a5 Ne5 21. Nxe5
dxe5 22. axb6 cxb6 23. g5 f6 24. gxf6 gxf6 25. c5 Rec8 26. c6 Ke7 27. b5 Kd6 28.
Red1 Rg8+ 29. Kh2 Rg5 30. Rac1 Rc8 31. Ra1 Rc7 32. Rac1 e4 33. h4 Rxd5 34. Kg3
Rxd1 35. Rxd1+ Ke6 36. Kf4 f5 37. Rd7 Rxd7 0-1

[Event "AUTO-OPEN-526"]
[Site "http://www.queenalice.com/game.php?id=157464"]
[Date "2007.1.22"]
[Round "1"]
[White "COMPUTADORA"]
[Black "coquin"]
[Result "1-0"]
[WhiteElo "1685"]
[BlackElo "1702"]

1. e4 e5 2. Qh5 Qf6 3. Nc3 c6 4. Nf3 d6 5. d4 g6 6. dxe5 gxh5 7. exf6 Nxf6 8.
Be3 Bg4 9. Nd4 Nbd7 10. Bc4 Ne5 11. Bb3 O-O-O 12. f4 Ned7 13. Bxf7 h4 14. h3 Bh5
15. Bxh5 Nxh5 16. O-O-O Bg7 17. Ne6 Rde8 18. Nxg7 Nxg7 19. Rxd6 Nb6 20. Bxb6
axb6 21. f5 b5 22. b4 1-0

[Event "AUTO-OPEN-526"]
[Site "http://www.queenalice.com/game.php?id=157465"]
[Date "2007.1.22"]
[Round "1"]
[White "coquin"]
[Black "COMPUTADORA"]
[Result "0-1"]
[WhiteElo "1726"]
[BlackElo "1492"]

1. e4 d5 2. exd5 Nf6 3. c4 c6 4. dxc6 Nxc6 5. Nc3 e5 6. Nf3 Bf5 7. Be2 e4 8. Ng1
Bc5 9. a3 Qd4 10. Nh3 Bxh3 11. gxh3 Qxf2# 0-1

[Event "AUTO-OPEN-526"]
[Site "http://www.queenalice.com/game.php?id=157484"]
[Date "2007.1.22"]
[Round "1"]
[White "coquin"]
[Black "Baranduin"]
[Result "1-0"]
[WhiteElo "1719"]
[BlackElo "1722"]

1. e4 e6 2. c4 d5 3. cxd5 exd5 4. exd5 Qxd5 5. Nc3 Qa5 6. Nf3 Nf6 7. d4 Bb4 8.
Bd2 O-O 9. Be2 Re8 10. O-O Bf5 11. a3 Bxc3 12. Bxc3 Qd5 13. Ne5 Nbd7 14. Nxd7
Qxd7 15. Bf3 Ne4 16. Bxe4 Bxe4 17. f3 Bg6 18. d5 Rad8 19. Qd4 f6 20. Rae1 Bf7
21. Rxe8+ Rxe8 22. Rd1 Rd8 23. Qxa7 1-0

[Event "AUTO-OPEN-526"]
[Site "http://www.queenalice.com/game.php?id=157485"]
[Date "2007.1.22"]
[Round "1"]
[White "Baranduin"]
[Black "coquin"]
[Result "0-1"]
[WhiteElo "1740"]
[BlackElo "1701"]

1. d4 g6 2. e4 d6 3. f4 Bg7 4. Nf3 Nf6 5. Nc3 O-O 6. Bd3 Bg4 7. O-O Qd7 8. h3
Bxf3 9. Qxf3 Nc6 10. Be3 e5 11. d5 Nd4 12. Qd1 c5 13. dxc6 bxc6 14. fxe5 dxe5
15. Qd2 Rab8 16. b3 Qe6 17. Bc4 Qd6 18. Rad1 c5 19. Bg5 a5 20. Bh6 Rfd8 21. Bxg7
Kxg7 22. Qf2 Qe7 23. Nd5 Nxd5 0-1

[Event "AUTO-ADV-382"]
[Site "http://www.queenalice.com/game.php?id=159964"]
[Date "2007.1.27"]
[Round "1"]
[White "dimis283"]
[Black "coquin"]
[Result "1-0"]
[WhiteElo "2061"]
[BlackElo "1754"]

1. e4 e5 2. Nf3 Nc6 3. Bb5 a6 4. Ba4 Nf6 5. O-O b5 6. Bb3 d6 7. c3 Be7 8. h3
Nxe4 9. Bd5 Bb7 10. Bxe4 O-O 11. d4 exd4 12. Nxd4 Qd7 13. Nxc6 Bxc6 14. Bxc6
Qxc6 15. Re1 Bf6 16. Be3 Rfe8 17. Nd2 Rab8 18. Nf3 Re7 19. Bd4 Rxe1+ 20. Qxe1
Bxd4 21. Nxd4 Qd7 22. Qe2 Re8 23. Qd2 c5 24. Nf3 h6 25. Re1 Rxe1+ 26. Qxe1 a5
27. Qe4 Kf8 28. Kf1 b4 29. Qa8+ Ke7 30. Qxa5 bxc3 31. Qxc3 f6 32. Qe3+ Kf7 33.
Qb3+ Kf8 34. a4 Qc7 35. Nd2 Ke7 36. Nc4 d5 37. Qb6 Qxb6 38. Nxb6 Kd6 39. Ke2 Kc6
40. a5 Kb5 41. Nxd5 Kxa5 42. Kd3 Kb5 43. Kc3 h5 44. Nf4 h4 45. Nh5 1-0

[Event "AUTO-ADV-382"]
[Site "http://www.queenalice.com/game.php?id=159965"]
[Date "2007.1.27"]
[Round "1"]
[White "coquin"]
[Black "dimis283"]
[Result "0-1"]
[WhiteElo "1752"]
[BlackElo "1924"]

1. e4 e6 2. c4 d5 3. cxd5 exd5 4. exd5 Nf6 5. Nc3 Nxd5 6. Nf3 Be7 7. Nxd5 Qxd5
8. Be2 O-O 9. O-O c5 10. Qc2 Nc6 11. Re1 Bf6 12. Bc4 Qd6 13. d3 Bg4 14. Nd2 Nd4
15. Qa4 Be5 16. h3 Bxh3 17. gxh3 Qg6+ 18. Kh1 Qh5 19. Qd7 Nc2 20. Ne4 Nxe1 21.
Be3 Qf3+ 22. Kg1 Qg2# 0-1

[Event "AUTO-ADV-382"]
[Site "http://www.queenalice.com/game.php?id=159980"]
[Date "2007.1.27"]
[Round "1"]
[White "coquin"]
[Black "tehan"]
[Result "0-1"]
[WhiteElo "1742"]
[BlackElo "1939"]

1. e4 c5 2. Nf3 Nc6 3. d4 cxd4 4. Nxd4 d6 5. Bb5 Bd7 6. O-O a6 7. Nxc6 Bxc6 8.
Bxc6+ bxc6 9. Bf4 Qb6 10. b3 Rd8 11. Nc3 Nf6 12. Qd3 h6 13. h3 e6 14. Be3 Qa5
15. a4 Nd7 16. f4 Be7 17. Rae1 O-O 18. Bd2 Nc5 19. Qf3 Qc7 20. Be3 d5 21. exd5
cxd5 22. Bxc5 Bxc5+ 23. Kh1 Bb4 24. Rb1 Qxc3 25. Qe2 Rc8 26. Qxa6 Qd2 27. Qb5
Rxc2 28. Rg1 Bc5 29. Rbd1 Qxf4 30. Rgf1 Qe4 31. Rg1 Bxg1 32. Rxg1 Rfc8 33. a5
Rc1 0-1

[Event "AUTO-ADV-382"]
[Site "http://www.queenalice.com/game.php?id=159981"]
[Date "2007.1.27"]
[Round "1"]
[White "tehan"]
[Black "coquin"]
[Result "1-0"]
[WhiteElo "1958"]
[BlackElo "1708"]

1. e4 e5 2. Nf3 Nc6 3. Bb5 a6 4. Ba4 b5 5. Bb3 d6 6. h3 Nf6 7. Nc3 Be7 8. O-O
O-O 9. a3 Na5 10. Ba2 c5 11. d3 h6 12. Re1 Be6 13. Bd2 Bxa2 14. Nxa2 Qb6 15. Nc3
Rab8 16. Qc1 b4 17. axb4 cxb4 18. Ne2 Nc6 19. Ng3 b3 20. c3 Rfc8 21. Be3 Qb7 22.
Nd2 d5 23. exd5 Nxd5 24. Nf5 Bf6 25. Nd6 Qc7 26. Nxc8 Rxc8 27. Rxa6 Ncb4 28. Ra7
Qd6 29. Nc4 Qf8 30. cxb4 Nxb4 31. Qd1 Rd8 32. Qxb3 Rxd3 33. Qa4 Rd8 34. b3 e4
35. Qb5 Nc2 36. Bc5 Qe8 37. Qxe8+ Rxe8 38. Rd1 g5 39. Rd2 1-0

[Event "AUTO-ADV-382"]
[Site "http://www.queenalice.com/game.php?id=159982"]
[Date "2007.1.27"]
[Round "1"]
[White "coquin"]
[Black "rubenov"]
[Result "1-0"]
[WhiteElo "1750"]
[BlackElo "1901"]

1. e4 e5 2. Nf3 d6 3. Be2 Nf6 4. d3 h6 5. O-O Nc6 6. Nc3 Be6 7. h3 Be7 8. a3 Qd7
9. Be3 a6 10. Qd2 Nh7 11. Nd5 Bxd5 12. exd5 Nd8 13. c4 f5 14. Qc3 f4 15. Bd2 Ng5
16. b4 Ndf7 17. Nxg5 hxg5 18. Bg4 Qd8 19. d4 exd4 20. Qxd4 Ne5 21. Be6 Bf6 22.
Qe4 Qe7 23. Rac1 g6 24. c5 Kf8 25. cxd6 cxd6 26. Bc3 Kg7 27. Rc2 g4 28. hxg4
Nxg4 29. Qxf4 Bxc3 30. Qxg4 Bf6 31. Rfc1 Kf8 32. Rc7 1-0

[Event "AUTO-ADV-382"]
[Site "http://www.queenalice.com/game.php?id=159983"]
[Date "2007.1.27"]
[Round "1"]
[White "rubenov"]
[Black "coquin"]
[Result "1-0"]
[WhiteElo "1861"]
[BlackElo "1754"]

1. d4 Nf6 2. Nc3 g6 3. Bg5 Bg7 4. e4 d6 5. h3 O-O 6. Nf3 Nbd7 7. Bc4 e5 8. dxe5
Nxe5 9. Bb3 Be6 10. Bxe6 fxe6 11. Nxe5 dxe5 12. Qxd8 Raxd8 13. O-O a6 14. Rfd1
h6 15. Bh4 g5 16. Bg3 Nh5 17. Bh2 Nf4 18. f3 Rd4 19. Kf2 Rfd8 20. Bg3 c5 21.
Rxd4 exd4 22. Ne2 Nxe2 23. Kxe2 c4 24. Rb1 d3+ 25. cxd3 cxd3+ 26. Kd2 Kf7 27. b3
Bf8 28. Be5 Bb4+ 29. Bc3 Bxc3+ 30. Kxc3 Kf6 31. Rd1 Ke5 32. g3 d2 33. Rxd2 Rxd2
34. Kxd2 Kd4 35. Ke2 Kc3 36. f4 gxf4 37. gxf4 Kd4 38. Kf3 b5 39. b4 Kc4 40. f5
exf5 41. exf5 Kd5 42. Kf4 Kd6 43. Ke4 Kd7 44. Ke5 Ke8 45. Kf6 Kf8 46. Kg6 h5 47.
Kxh5 Ke7 48. Kg6 Kf8 49. Kf6 1-0

[Event "AUTO-OPEN-460"]
[Site "http://www.queenalice.com/game.php?id=181999"]
[Date "2007.3.14"]
[Round "2"]
[White "coquin"]
[Black "gdan"]
[Result "0-1"]
[WhiteElo "1731"]
[BlackElo "2002"]

1. e4 d6 2. d4 Nf6 3. Nc3 c6 4. Nf3 Bg4 5. h3 Bh5 6. g4 Bg6 7. e5 dxe5 8. Nxe5
Be4 9. Nxe4 Nxe4 10. Qf3 Nd6 11. c4 Nd7 12. Qxf7+ Nxf7 0-1

[Event "AUTO-OPEN-460"]
[Site "http://www.queenalice.com/game.php?id=182000"]
[Date "2007.3.14"]
[Round "2"]
[White "gdan"]
[Black "coquin"]
[Result "1-0"]
[WhiteElo "1990"]
[BlackElo "1745"]

1. e4 e5 2. Nf3 Nc6 3. Bb5 a6 4. Ba4 Nf6 5. O-O d6 6. Re1 Be7 7. d4 O-O 8. Bxc6
bxc6 9. dxe5 dxe5 10. Qxd8 Rxd8 11. Nxe5 c5 12. Nc3 Bb7 13. f3 h6 14. Be3 Bd6
15. Nc4 Rab8 16. b3 h5 17. e5 Nd5 18. Nxd5 Bxd5 19. exd6 cxd6 20. Nb2 Bc6 21. c4
f6 22. Rad1 g5 23. Bf2 Kf7 24. Re2 Re8 25. Red2 Re6 26. Rxd6 Rc8 27. Rxe6 Kxe6
28. Nd3 Kf5 29. Nxc5 1-0